Burton Albion Trivia - Statistics

General Stats
  • This quiz has been taken 11 times
  • The average score is 7 of 15
Answer Stats
Question Answer % Correct
What is Burton Albion’s nickname? The {Brewers}
100%
Which Burton Albion legend made over 200 appearances for the club as a player and managed 937 games, guiding the club to promotion to the second tier for the first time in the club’s history in 2016? Nigel Clough
89%
Who is the current manager of Burton Albion? Gary Bowyer
78%
What is the name of Burton Albion’s stadium? Pirelli Stadium
78%
From 1958 until 2005, Burton Albion played at which ground? Eton Park
67%
Which Premier League giants did Burton Albion, then in the Conference, take to a replay in the Third Round of the 2005/06 FA Cup, after holding them to a 0-0 draw in the first match? Manchester United
67%
With which club does Burton Albion contest the A38 Derby? Derby County
56%
Who began his managerial career with Burton Albion in 1962 prior to enjoying a successful domestic and European career as an assistant manager at Derby County and Nottingham Forest? Peter Taylor
56%
Which Englishman is Burton Albion’s record appearance-maker with 646? Darren Stride
33%
Who is Burton Albion’s record sale, joining Hull City for £2m in 2017? Jackson Irvine
33%
Who was the most recent captain of Burton Albion? Ryan Sweeney
33%
Who is Burton Albion’s record signing, arriving from Ross County for £500k in 2017? Liam Boyce
22%
Which Englishman is Burton Albion’s record goalscorer with 159? Richie Barker
11%
Who scored a club-record 59 league goals as Burton Albion won the 1965/66 Southern League Division One? Stan Round
11%
Who was Burton Albion’s top scorer, with 18 goals, as they won promotion to the Football League for the first time in the 2008/09 season? Greg Pearson
0%
No matching quizzes found
Score Distribution
Percent of People with Each Score
Percentile by Number Answered
Your Score History
You have not taken this quiz